| 000 | 00394nam a2200169Ia 4500 | ||
|---|---|---|---|
| 008 | 230524s9999 xx 000 0 und d | ||
| 082 |
_a3 _bRAO |
||
| 100 | _aK.C.Rao | ||
| 245 | 0 | _aOperations Research | |
| 250 | _a1ST | ||
| 260 |
_aNEW DELHI _bNarosa _c2005 |
||
| 300 | _aXIV;334 | ||
| 500 | _aQuantity Number: 2 | ||
| 650 | _aMathematics | ||
| 700 | _a Shanti Lata Mishra | ||
| 942 | _cBK | ||
| 999 |
_c18905 _d18905 |
||